000 00535nam a2200181 a 4500
005 20240316063725.0
008 991125s1968 es 000 0 spa u
035 _aUPN01000024572
049 _aCG
050 4 _aB53
_bA9.38
100 1 _aAuzias, Jean-Marie
245 1 3 _aLa filosofía y las técnicas /
_cJean-Marie Auzias ; tr. José Luis Blasco Estellés.
260 _aBarcelona, Esp. :
_bOikos-Tau,
_c1968.
300 _a115 p.
440 0 _aLibros Tau.
_pCiencia y cultura ;
_v24
650 4 _aFilosofía
_95327
905 _aLibro
999 _c24572
_d24572